| 000 | 01395pam a2200265 a 4500 | ||
|---|---|---|---|
| 020 | _a087262983X | ||
| 082 | 0 | 0 |
_a624.18341 _bFIN _cL-39, P-190 |
| 245 | 0 | 0 |
_aFinite element analysis of reinforced concrete structures II : _bproceedings of the international workshop / _csponsored by the National Science Foundation [and] Defense Nuclear Agency [and] U.S. Army Corps of Engineers [and] Waterways Experiment Station ; hosted and organized by Christian Meyer, Columbia University, New York, New York, June 2-5, 1991 ; edited by J. Isenberg. |
| 260 |
_aNew York, NY : _bAmerican Society of Civil Engineers, _c1993. |
||
| 300 |
_a717 p. : _bill. ; _c22 cm. |
||
| 500 | _a"Approved for publication by the Structural Division of the American Society of Civil Engineers." | ||
| 505 | 0 | _aIncludes bibliographical references and index. | |
| 526 |
_a0 _b0 _c0 _d624_183410000000000_FIN |
||
| 650 | 0 |
_aFinite element method _xCongresses. _943210 |
|
| 650 | 0 |
_aMCE _9379 |
|
| 650 | 0 |
_aReinforced concrete construction _xCongresses. _941059 |
|
| 700 | 1 |
_aIsenberg, Jeremy. _943211 |
|
| 700 | 1 |
_aMeyer, Christian, _943212 |
|
| 710 | 1 |
_aUnited States. _921185 |
|
| 710 | 2 |
_aACI-ASCE Committee 447. _943213 |
|
| 710 | 2 |
_aAmerican Society of Civil Engineers. _9702 |
|
| 710 | 2 |
_aNational Science Foundation (U.S.) _919656 |
|
| 710 | 2 |
_aU.S. Army Engineer Waterways Experiment Station. _943214 |
|
| 942 |
_2ddc _cBK |
||
| 999 |
_c547017 _d547017 |
||